000 00539cam a2200181 4500
001 D11133
008 090401t1984 xxu||||| |||| 00| 0 eng d
035 _a(Sirsi) u97385
041 _aeng
050 _a693.893
100 _aMole, T.
245 _aCondensation and matters arising in the housing and health acts
260 _c1984
350 _a0
520 _aIn RICS Building Surveyors` Division. Building Surveyors` weekend briefing, University of Warwick, 30 March-1 April 1984. 1984/9 AB
942 _n0
948 _c04/03/1997
999 _c98874
_d98874